WTA Top 100 - Statistics

General Stats
  • This quiz has been taken 82 times
    53 since last reset
  • The average score is 69 of 100
Answer Stats
Place Name Country % Correct
26 Victoria Azarenka Belarus
100%
1 Ashleigh Barty Australia
97%
6 Elina Svitolina Ukraine
97%
11 Iga Swiatek Poland
97%
7 Maria Sakkari Greece
97%
12 Angelique Kerber Germany
95%
2 Aryna Sabalenka Belarus
95%
4 Barbora Krejcikova Czech Republic
95%
5 Garbine Muguruza Spain
95%
30 Jelena Ostapenko Latvia
95%
3 Karolina Pliskova Czech Republic
95%
10 Naomi Osaka Japan
95%
8 Ons Jabeur Tunisia
95%
41 Serena Williams United States
95%
19 Simona Halep Romania
95%
9 Belinda Bencic Switzerland
92%
22 Bianca Andreescu Canada
92%
18 Elise Mertens Belgium
92%
71 Johanna Konta United Kingdom
92%
13 Paula Badosa Spain
92%
15 Petra Kvitova Czech Republic
92%
20 Anett Kontaveit Estonia
89%
24 Emma Raducanu United Kingdom
89%
23 Cori Gauff United States
86%
17 Elena Rybakina Kazakhstan
86%
27 Leylah Fernandez Canada
86%
14 Sofia Kenin United States
86%
60 Ann Li United States
84%
36 Camila Giorgi Italy
84%
73 Caroline Garcia France
84%
48 Clara Tauson Denmark
78%
21 Jessica Pegula United States
78%
46 Madison Keys United States
78%
52 Magda Linette Poland
78%
77 Qiang Wang China
78%
44 Yulia Putintseva Kazakhstan
78%
31 Danielle Collins United States
76%
28 Daria Kasatkina Russia
76%
47 Petra Martic Croatia
76%
86 Saisai Zheng China
76%
16 Anastasia Pavlyuchenkova Russia
73%
29 Karolina Muchova Czech Republic
73%
35 Marketa Vondrousova Czech Republic
73%
64 Mayar Sherif Egypt
73%
59 Sloane Stephens United States
73%
91 Kristina Mladenovic France
70%
55 Shuai Zhang China
70%
43 Ajla Tomljanovic Australia
68%
49 Alison Riske United States
68%
66 Alize Cornet France
68%
61 Arantxa Rus Netherlands
68%
37 Ekaterina Alexandrova Russia
68%
72 Heather Watson United Kingdom
68%
56 Irina-Camelia Begu Romania
68%
39 Jil Teichmann Switzerland
68%
50 Katerina Siniakova Czech Republic
68%
38 Sorana Cirstea Romania
68%
93 Su-Wei Hsieh Chinese Taipei
68%
45 Viktorija Golubic Switzerland
68%
62 Anastasija Sevastova Latvia
65%
79 Andrea Petkovic Germany
65%
74 Danka Kovinic Montenegro
65%
70 Kaia Kanepi Estonia
65%
97 Rebecca Peterson Sweden
65%
33 Tamara Zidansek Slovenia
65%
32 Veronika Kudermetova Russia
65%
58 Alison Van Uytvanck Belgium
62%
25 Jennifer Brady United States
62%
42 Liudmila Samsonova Russia
62%
63 Maria Camila Osorio Serrano Colombia
62%
82 Nadia Podoroska Argentina
62%
84 Aliaksandra Sasnovich Belarus
59%
94 Beatriz Haddad Maia Brazil
59%
54 Jasmine Paolini Italy
59%
53 Marta Kostyuk Ukraine
57%
34 Sara Sorribes Tormo Spain
57%
76 Dayana Yastremsk Ukraine
54%
99 Magdalena Frech Poland
54%
81 Amanda Anisimova United States
51%
67 Ana Konjuh Croatia
49%
57 Anhelina Kalinina Ukraine
49%
83 Elena Gabriela Ruse Romania
49%
89 Marie Bouzkova Czech Republic
49%
75 Clara Burel France
46%
69 Greet Minnen Belgium
46%
92 Oceane Dodin France
46%
40 Shelby Rogers United States
46%
95 Astra Sharma Australia
43%
85 Vera Zvonareva Russia
43%
68 Anastasia Potapova Russia
41%
98 Fione Ferro France
41%
51 Tereza Martincova Czech Republic
41%
87 Lauren Davis United States
38%
90 Anna Karolina Schmiedlova Slovakia
35%
100 Bernarda Pera United States
35%
78 Madison Brengle United States
35%
65 Nuria Parrizas Diaz Spain
35%
80 Varvara Gracheva Russia
35%
88 Claire Liu United States
32%
96 Kaja Juvan Slovenia
32%
No matching quizzes found
Score Distribution
Percent of People with Each Score
Percentile by Number Answered
Your Score History
You have not taken this quiz since the last reset